New orders in the construction industry (Record no. 81288)

MARC details
000 -LEADER
fixed length control field 01368cad a22002175a 4500
001 - CONTROL NUMBER
control field L146777
008 - FIXED-LENGTH DATA ELEMENTS--GENERAL INFORMATION
fixed length control field 090225e20090212xxkd f s f000 0 eng d
035 ## - SYSTEM CONTROL NUMBER
System control number (Sirsi) u146777
041 0# - LANGUAGE CODE
Language code of text/sound track or separate title eng
110 1# - MAIN ENTRY--CORPORATE NAME
Corporate name or jurisdiction name as entry element United Kingdom
Subordinate unit Office of National Statistics
9 (RLIN) 2035
245 00 - TITLE STATEMENT
Title New orders in the construction industry
Remainder of title December 2008
Medium [electronic resource]
260 ## - PUBLICATION, DISTRIBUTION, ETC.
Date of publication, distribution, etc. 2009
490 ## - SERIES STATEMENT
Series statement ONS Press Release
Volume/sequential designation 12 February 2009
520 ## - SUMMARY, ETC.
Summary, etc. Reports on the orders for new constructions in Great Britain for December 2008. In the three months leading to December 2008, construction orders decreased by 9% compared with the previous quarter. Orders fell by 26% in the fourth quarter of 2008 compared to the fourth quarter of 2007. Orders in 2008 fell 16% compared to the amount of orders in 2007. Orders in the private housing sector declined by 57% in the quarter leading to December 2008 compared with the same period in 2007. Housing association orders were lower by 28% in the quarter leading to December 2008 compared with the same period in 2007.
590 ## - LOCAL NOTE (RLIN)
Local note KA
650 24 - SUBJECT ADDED ENTRY--TOPICAL TERM
Topical term or geographic name entry element ONS NEW CONSTRUCTION ORDERS
651 #4 - SUBJECT ADDED ENTRY--GEOGRAPHIC NAME
Geographic name Great Britain
Chronological subdivision 1707-
690 ## - LOCAL SUBJECT ADDED ENTRY--TOPICAL TERM (OCLC, RLIN)
Topical term or geographic name as entry element BUILT ENVIRONMENT-CONSTRUCTION MARKET
856 40 - ELECTRONIC LOCATION AND ACCESS
Uniform Resource Identifier <a href="https://www.ons.gov.uk/ons/publications/re-reference-tables.html?edition=tcm%3A77-171386">https://www.ons.gov.uk/ons/publications/re-reference-tables.html?edition=tcm%3A77-171386</a>
Public note View the item free of charge at www.ons.gov.uk...
942 ## - ADDED ENTRY ELEMENTS (KOHA)
Suppress in OPAC 0
Holdings
Withdrawn status Lost status Source of classification or shelving scheme Damaged status Not for loan Home library Current library Shelving location Date acquired Total Checkouts Full call number Barcode Date last seen Copy number Price effective from Koha item type
    Dewey Decimal Classification     Virtual Virtual Online 25/02/2009   ONLINE PUBLICATION 146777-2001 06/08/2019 1 06/08/2019 Journal article